Fortress frontier (Record no. 43843)

MARC details
000 -LEADER
fixed length control field 00499nam a2200145 a 4500
008 - FIXED-LENGTH DATA ELEMENTS--GENERAL INFORMATION
fixed length control field 130919s2013 ||||||||||||||||| || u
020 ## - INTERNATIONAL STANDARD BOOK NUMBER
International Standard Book Number 9780755393992
050 ## - LIBRARY OF CONGRESS CALL NUMBER
Classification number PR 4464 .C55 F67
100 ## - MAIN ENTRY--PERSONAL NAME
Personal name Cole, Myke
245 10 - TITLE STATEMENT
Title Fortress frontier
Statement of responsibility, etc. by Myke Cole
260 ## - PUBLICATION, DISTRIBUTION, ETC.
Place of publication, distribution, etc. London:
Name of publisher, distributor, etc. Headline Publishing Group
Date of publication, distribution, etc. 2013
300 ## - PHYSICAL DESCRIPTION
Extent 422p.
650 ## - SUBJECT ADDED ENTRY--TOPICAL TERM
Topical term or geographic name entry element ENGLISH LANGUAGE
995 ## - RECOMMENDATION 995 [LOCAL, UNIMARC FRANCE]
-- CBU-MAIN LIBRARY (Kitwe)
-- 1
-- AVAILABLE
-- Nov 4, 2013
-- Fiction Collection
Holdings
Withdrawn status Lost status Source of classification or shelving scheme Damaged status Not for loan Home library Current library Shelving location Date acquired Total Checkouts Full call number Barcode Date last seen Price effective from Koha item type
          CBU-MAIN LIBRARY, KITWE. CBU-MAIN LIBRARY, KITWE.   11/30/2022   PR 4464 .C55 F67 744548 11/30/2022 11/30/2022 MONOGRAPH